000 00867nam a2200265Ia 4500
003 OSt
005 20221005081828.0
006 a|||||r|||| 00| 0
007 ta
008 221004b |||||||| |||| 00| 0 eng d
020 _a9788132103097 (hbk)
_c2300
024 _a102923
037 _b09-10584, 11/02/2010, Atlantic Publisher & Dist. Pvt Ltd.
_cTextual
040 _aCRL
_cCRL
_beng
041 _2eng
_aeng
082 _aX:77.2'P, Q0
100 _aKohli Harinder S. Ed.
245 0 _aIndia 2039
_b Affluent society in one generation
260 _aNew Delhi
_bSage Pub. India
_c2000
300 _axvii,281p.
_ccm.
650 _aECONOMICS
700 _a Sood Anil Ed.
_9462659
942 _hX:77.2'P, Q0
_cTEXL
_2cc
999 _c988336
_d988336